| 000 | 01048nam a2200229Ia 4500 | ||
|---|---|---|---|
| 003 | Ost | ||
| 005 | 20260507074959.0 | ||
| 008 | 260507s9999||||xx |||||||||||||| ||und|| | ||
| 020 | _a9960450332 | ||
| 040 | _cfsecg | ||
| 041 | _aara | ||
| 082 | _a330 | ||
| 100 |
_aمينك، الان _eمؤلف |
||
| 245 | 0 |
_aرأسمالية المساهمة / _c الان مينك |
|
| 260 |
_aبيروت: _bدار الفاربي, _c1997 |
||
| 300 |
_a215 صفحة؛ _c21 سم |
||
| 520 | _aيضم توافق الأزمنة،رأسمالية المساهمة،الثالوث المقدس الجديد،الاقتصاد الجديد وهم أم حقيقة،ديكتاتورية الأسواق أم ديموقراطية رأسمالية،الرأسمال والعمل:أعداء الأمس حلفاء الغد،إقتصاد سوق أم مجتمع سوق،نموذج واحد أم نماذج عدة | ||
| 653 | _aالاقتصاد الدولي | ||
| 653 | _aالرأسمالية | ||
| 700 |
_aصوما، رياض _eمؤلف ثانوي |
||
| 942 | _cكتاب | ||
| 999 |
_c42059 _d42059 |
||